000 01424nam a22002177a 4500
003 IT-MiCISF
005 20251122005212.0
008 251122b |||||||| |||| 00| 0 eng d
020 _a9788831556699
040 _cIT-MiCISF
100 _aCiairano Azia (et al.)
_962116
245 _aDaranno ancora frutti.
_bReligiose, religiosi e anzianità
260 _aMilano,
_bPaoline,
_c2024
300 _app. 239
500 _aoperatori-pastorali, anziani, malattia, esperienze
520 _aLe comunità religiose femminili e maschili, soprattutto nel mondo occidentale, sono costituite da numerosi membri con un’età media avanzata. Il testo, scritto a “cinque mani”, affronta questa realtà, e gli autori – specialisti in varie discipline – scandagliano il “vissuto” delle persone consacrate anziane descrivendo gli aspetti positivi di saggezza e vigilanza, ma anche le difficoltà per le varie fragilità. Per una vita consacrata più inclusiva, sarà possibile attuare dei percorsi per promuovere nuove sensibilità, conciliando le aspettative del crescente numero dei membri che vivono un’età più avanzata con le aspirazioni delle nuove e sempre più esigue generazioni? Emerge uno “spaccato” intriso di speranza, di resilienza, di grande testimonianza.
650 _aTerza-età
654 _asaggio
700 _aCangià C., Invernizzi L., Sandrin L., Trabucchi M.
_962783
942 _2ddc
_cBK
999 _c360501
_d360501